MARC details
| 000 -LEADER |
| campo de control de longitud fija |
02323cam a2200253 4500 |
| 001 - NÚMERO DE CONTROL |
| campo de control |
1670 |
| 005 - FECHA Y HORA DE LA ÚLTIMA TRANSACCIÓN |
| campo de control |
20230410102033.0 |
| 008 - DATOS DE LONGITUD FIJA--INFORMACIÓN GENERAL |
| campo de control de longitud fija |
060907n1999 dr spa |
| 020 ## - NÚMERO INTERNACIONAL ESTÁNDAR DEL LIBRO |
| Número Internacional Estándar del Libro |
8489525625 |
| 035 ## - NÚMERO DE CONTROL DEL SISTEMA |
| -- |
funglode1678 |
| 041 ## - CÓDIGO DE IDIOMA |
| Código de lengua del texto/banda sonora o título independiente |
ES |
| 020 ## - NÚMERO INTERNACIONAL ESTÁNDAR DEL LIBRO |
| Número Internacional Estándar del Libro |
8489525625 |
| 050 14 - SIGNATURA TOPOGRÁFICA DE LA BIBLIOTECA DEL CONGRESO |
| Número de clasificación |
118 HD 9114 |
| Número de ítem |
C965a 1999 |
| 100 1# - ENTRADA PRINCIPAL--NOMBRE DE PERSONA |
| Nombre de persona |
Cuevas P., Héctor E |
| 245 13 - MENCIÓN DEL TÍTULO |
| Título |
El azúcar se ahogó en la melaza : |
| Resto del título |
quinientos años de azúcar / |
| Mención de responsabilidad, etc. |
Héctor E. Cuevas P. |
| 260 ## - PUBLICACIÓN, DISTRIBUCIÓN, ETC. |
| Lugar de publicación, distribución, etc. |
Santo Domingo : |
| Nombre del editor, distribuidor, etc. |
Instituto Tecnológico de Santo Domingo (INTEC), |
| Fecha de publicación, distribución, etc. |
1999 |
| 300 ## - DESCRIPCIÓN FÍSICA |
| Extensión |
227 p. : |
| Otras características físicas |
ill. ; |
| Dimensiones |
21 cm. |
| 504 ## - NOTA DE BIBLIOGRAFÍA, ETC. |
| Nota de bibliografía, etc. |
Includes bibliographical references (p. 221-227). |
| 520 ## - RESUMEN, ETC. |
| Sumario, etc. |
La ruta de la caña de azúcar, 3. -- La industria azucarera en la española, 5. -- Inicio de la producción de azúcar en Brasil, 14. -- Desarrollo de la industria azucarera en el Caribe, 18. -- La industria azucarera en el Santo Domingo francés, 21. -- Inicio de la industria azucarera cubana, 33. -- La superproducción : Amenaza permanente, 38. -- La emancipación de los esclavos, 44. -- Migraciones indúes hacia la región del Caribe, 50. -- Importaciones de chinos para la industria azucarera cubana, 55. -- Renacimiento de la industria azucarera dominicana, 59. -- Críticos de la industria azucarera, 75. -- Se inicia un nuevo siglo, 80. -- El gobierno de Mon Cáceres, 85. -- Impacto de la ocupación americana, 99. -- Impacto de la primera guerra mundial, 111. -- Inicio de la Era Trujillo, 116. -- Primeros acuerdo internacionales del azúcar, 133. -- Impacto de la segunda guerra mundial, 139. -- Impuestos a la industria azucarera, 142. -- Problemas laborales, 153. -- Trujillo entra al negocio azucarero, 158. -- Aumento de la interveción del Estado, 165. -- 1957 : Le llegó el turno a los grandes, 171. -- Cuando trujillo gana el Estado pierde, 176. -- Nuestro ingreso al mercado preferencial, 179. -- La industria azucarera post - trujillista, 183. -- El gobierno de los doce años, 189. -- Otra vez los impuestos, 199. -- Los gobiernos del PRD, 206. -- Escasez de mano de obra haitiana, 211. -- El descalabro del Consejo Estatal del Azúcar, 216 |
| 650 #0 - PUNTO DE ACCESO ADICIONAL DE MATERIA--TÉRMINO DE MATERIA |
| Término de materia o nombre geográfico como elemento de entrada |
Sugarcane industry |
| Subdivisión geográfica |
Dominican Republic |
| Subdivisión general |
History. |
| 650 #0 - PUNTO DE ACCESO ADICIONAL DE MATERIA--TÉRMINO DE MATERIA |
| Término de materia o nombre geográfico como elemento de entrada |
Sugar trade |
| Subdivisión geográfica |
Dominican Republic |
| Subdivisión general |
History. |
| 650 #0 - PUNTO DE ACCESO ADICIONAL DE MATERIA--TÉRMINO DE MATERIA |
| Término de materia o nombre geográfico como elemento de entrada |
Sugar trade |
| Subdivisión geográfica |
Caribbean Area |
| Subdivisión general |
History. |
| 942 ## - ELEMENTOS DE ENTRADA SECUNDARIOS (KOHA) |
| Fuente del sistema de clasificación o colocación |
Clasificación de Library of Congress |
| Tipo de ítem Koha |
|